|
|
|
|
| LEADER |
00000nab a2200000 a 4500 |
| 001 |
vtls000531570 |
| 003 |
SK-MaSNL |
| 005 |
20260304094524.0 |
| 008 |
250425c1994 xo 0 slo |
| 015 |
|
|
|a SNBRB19rr/mm-uuuuu
|
| 035 |
|
|
|a CL0531708
|
| 035 |
|
|
|a urn:nbn:sk:snk-ab75wh
|
| 035 |
|
|
|a (uuid)eb43f70f-0fbf-42f0-b9f5-06ce8dba18bd
|
| 035 |
|
|
|a (urnnbn)urn:nbn:sk:snk:ar-a07106
|
| 035 |
|
|
|a (sysno)vtls000531570
|
| 040 |
|
|
|a SNKBUCL
|b slo
|c SNKBUCL
|e AACR2
|
| 041 |
0 |
|
|a slo
|
| 044 |
|
|
|a xo
|c SK
|
| 080 |
|
|
|a 338.1.001.572(437.6)
|2 1981
|
| 080 |
|
|
|a 338.27(437.6)
|2 1981
|
| 100 |
1 |
|
|a Haluška, Ján,
|d 1954-
|4 aut
|9 6827
|
| 245 |
1 |
0 |
|a Aktualizovaná prognóza vývoja ekonomiky Slovenskej republiky v rokoch 1994-1995 (s využitím ekonometrického modelu)
|c Ján Haluška, Milota Šujanová
|
| 300 |
|
|
|b Tab. 6, res. angl., nem., slov., lit. 3 zázn. v angl., slov.
|
| 650 |
0 |
7 |
|a ekonomika SR
|2 snkbucl
|9 963262
|
| 655 |
|
7 |
|a články z novín a časopisov
|2 snkbucl
|9 267496
|
| 700 |
1 |
|
|a Šujanová, Milota
|4 aut
|9 11822
|
| 773 |
0 |
|
|t Slovenská štatistika a demografia
|g Roč. 4, č. 3 (1994), s. 53-67
|x 1210-1095
|
| 850 |
|
|
|a Slovenská národná knižnica
|
| 852 |
|
|
|a Slovenská národná knižnica
|
| 954 |
|
|
|a odborná, vedecká literatúra pôvodná (slovenská)
|2 lita
|
| 958 |
|
|
|a article27
|
| 958 |
|
|
|a RK
|
| 958 |
|
|
|a OND
|
| 958 |
|
|
|a EUIPO
|
| 992 |
|
|
|a RBX
|
| 999 |
|
|
|c 2827608
|d 2829538
|